Catálogo público

Frutas y verduras / (Record no. 173375)

MARC details
000 -CABECERA
campo de control de longitud fija 00865nam a2200289Ia 4500
001 - NÚMERO DE CONTROL
campo de control dia_2877
003 - IDENTIFICADOR DEL NÚMERO DE CONTROL
campo de control CHAP
005 - FECHA Y HORA DE LA ÚLTIMA TRANSACCIÓN
campo de control 20230331091251.0
008 - DATOS DE LONGITUD FIJA--INFORMACIÓN GENERAL
campo de control de longitud fija 220117s1968 xx 000 0 und d
010 ## - NÚMERO DE CONTROL DE LA BIBLIOTECA DEL CONGRESO
Número de control de LC 173375
040 ## - FUENTE DE LA CATALOGACIÓN
Centro/agencia transcriptor CHAP
082 ## - NÚMERO DE LA CLASIFICACIÓN DECIMAL DEWEY
Número de clasificación 664.82 D83 1968
100 ## - ENTRADA PRINCIPAL--NOMBRE DE PERSONA
Nombre de persona Duckworth, R. B.
9 (RLIN) 34367
245 ## - MENCIÓN DE TÍTULO
Título Frutas y verduras /
Mención de responsabilidad, etc. R. B. Duckworth ; traducción Pedro Ducar Maluenda
260 ## - PUBLICACIÓN, DISTRIBUCIÓN, ETC.
Lugar de publicación, distribución, etc. España :
Nombre del editor, distribuidor, etc. Acribia,
Fecha de publicación, distribución, etc. 1968
300 ## - DESCRIPCIÓN FÍSICA
Extensión xii, 304 p.
500 ## - NOTA GENERAL
Nota general Título original: Fruit and vegetables
504 ## - NOTA DE BIBLIOGRAFÍA, ETC.
Nota de bibliografía, etc. Incluye bibliografías
590 ## - NOTA LOCAL (RLIN)
Nota local TX391 D83 1968
650 ## - PUNTO DE ACCESO ADICIONAL DE MATERIA--TÉRMINO DE MATERIA
Término de materia o nombre geográfico como elemento de entrada Alimentos
Subdivisión general Frutas
9 (RLIN) 153659
650 ## - PUNTO DE ACCESO ADICIONAL DE MATERIA--TÉRMINO DE MATERIA
Término de materia o nombre geográfico como elemento de entrada Alimentos
Subdivisión general Hortalizas
9 (RLIN) 153660
700 ## - PUNTO DE ACCESO ADICIONAL--NOMBRE DE PERSONA
Nombre de persona Ducar Maluenda, Pedro, tr.
901 ## - ELEMENTOS DE DATOS A LOCAL LDA (RLIN)
a 664.82 D83 1968
902 ## - ELEMENTOS DE DATOS B LOCAL, LDB (RLIN)
a M
905 ## - ELEMENTOS DE DATOS E LOCAL, LDE (RLIN)
a 5232271968 sp aimn8222223322spa16
942 ## - ELEMENTOS DE PUNTO DE ACCESO ADICIONAL (KOHA)
Tipo de ítem Koha Libro
Fuente del sistema de clasificación o colocación Dewey Decimal Classification
Holdings
Estado de retiro Estado de pérdida Fuente del sistema de clasificación o colocación Estado dañado No para préstamo Código de colección Localización permanente Ubicación/localización actual Fecha de adquisición Información codificada de la localización en otra ubicación Total de préstamos Signatura topográfica completa Código de barras Fecha visto por última vez Número de copia Precio válido a partir de Tipo de ítem Koha Restricciones de uso Fuente de adquisición Coste, precio normal de compra Número de inventario Fecha del último préstamo
    Dewey Decimal Classification     General Ingenieria Agroindustrial Ingenieria Agroindustrial 18/01/2022 1   664.82 D83 1968 dia_004394 18/01/2022 3 18/01/2022 Libro          
    Dewey Decimal Classification     General Ingenieria Agroindustrial Ingenieria Agroindustrial 18/01/2022   1 664.82 D83 1968 dia_001248 23/08/2024 1   Libro Préstamo interno Compra Librería F. / R. 25103 (24/09/1990) 250.75 47010 23/08/2024
    Dewey Decimal Classification     General Ingenieria Agroindustrial Ingenieria Agroindustrial 18/01/2022   1 664.82 D83 1968 dia_001249 13/11/2023 2   Libro Préstamo 5 días Compra Librería F. / R. 25103 (24/09/1990) 250.75 47011 13/11/2023